Normal view
MARC view
- Patil, S. R. And Others
Entry Personal Name
001 - CONTROL NUMBER
- control field: 69219
003 - CONTROL NUMBER IDENTIFIER
- control field: OSt
005 - DATE AND TIME OF LATEST TRANSACTION
- control field: 20220806111548.0
008 - FIXED-LENGTH DATA ELEMENTS
- fixed length control field: 220806|| aca||aabn | a|a d
040 ## - CATALOGING SOURCE
- Original cataloging agency: OSt
- Transcribing agency: OSt
100 ## - HEADING--PERSONAL NAME
- Personal name: Patil, S. R. And Others
670 ## - SOURCE DATA FOUND
- Source citation: Work cat.: (OSt)38841: Patil, S. R. And Others, Linear Algebra (sem-ii), 2014